=LDR 00000nam 2200000 4500 =001 NUTBA000000000004453 =005 20140915092418.0 =006 =007 =008 =020 ##$$a 979-002-067-8 =035 ##$$0010-091400000000486 =040 ##$$a NBPDMAT =082 ##$$a 615.3 =084 ##$$a 615.3 Ram e =100 ##$$a Rama Prihandana =245 ##$$a Energi,Hujan Pilihan bijak Menuju Materi Energi Mandiri / $c Rama Prihandana =260 ##$$a Jakarta : $b Penebar Swadaya, $c 2008 =300 ##$$a 238 hlm. : $b ilus. ; $c 23 cm. =500 ##$$a Bibilografi : hlm. 239-245 =650 ##$$a Energi Hijau =990 ##$$a 21409697 =990 ##$$a 0001/BPAP-NTB/20142014 =990 ##$$a 0001/BPAP-NTB/20142014 =990 ##$$a 0001/BPAP-NTB/20142014 =990 ##$$a 0001/BPAP-NTB/20142014 =990 ##$$a 0001/BPAP-NTB/20142014 =990 ##$$a 0001/BPAP-NTB/20142014 =990 ##$$a 0001/BPAP-NTB/2016